| 000 | 00438nam a2200181Ia 4500 | ||
|---|---|---|---|
| 001 | 19919 | ||
| 008 | 140408s9999 xx 000 0 und d | ||
| 020 | _a0-7248-0640-7 | ||
| 040 | _cPK-LaUMT | ||
| 082 |
_a 153.14 _bBOO-I |
||
| 100 | _aAngela Booth | ||
| 245 |
_aImprove your memory in 21 days _cAngela Booth |
||
| 260 |
_aNew York,USA: _bPrentice Hall, _c1997 |
||
| 300 | _a143 p. | ||
| 546 | _aEN | ||
| 650 | _aMemory | ||
| 942 | _cBK | ||
| 999 |
_c20284 _d20284 |
||